Sports Quiz

Random Sports or WWE Quiz
Score 0/24 Timer 10:00
0 Plays Today
Wrestler Win/Loss Record % Correct
0--1John Cena
95%
0--1Randy Orton
90.9%
0--1Edge
81.8%
0--1CM Punk
80.2%
1--0Sheamus
79.3%
0--1The Big Show
79.3%
1--0Rey Mysterio
75.2%
0--1Jack Swagger
74.4%
0--1Chris Jericho
73.6%
1--0Kofi Kingston
69.4%
1--0The Miz
66.9%
1--0Evan Bourne
66.1%
Wrestler Win/Loss Record % Correct
0--1R-Truth
64.5%
1--0Alicia Fox
64.5%
1--0Natalya
63.6%
0--1Eve
62%
1--0Tyson Kidd
61.2%
0--1Jey Uso
60.3%
0--1Jimmy Uso
60.3%
1--0D.H. Smith
58.7%
0--1Drew McIntyre
55.4%
0--1Maryse
54.5%
0--1Gail Kim
54.5%
0--1Tamina
49.6%
Remove Ads.
Support Sporcle.
Get the best of Sporcle when you Go Orange. This ad-free experience offers more features, more stats, and more fun while also helping to support Sporcle. Thank you for becoming a member.

You're not logged in!

Compare scores with friends on all Sporcle quizzes.
OR
Log In

Show Comments

Extras

Created Oct 5, 2013ReportNominate
Tags:WWE Quiz, champion, fatal, four, loss, PPV, record, tie, Win

Top Quizzes Today


Score Distribution

Your Account Isn't Verified!

In order to create a playlist on Sporcle, you need to verify the email address you used during registration. Go to your Sporcle Settings to finish the process.

Report this User

Report this user for behavior that violates our Community Guidelines.

Details: